Normal view MARC view

Entry Personal Name

Number of records used in: 1

001 - CONTROL NUMBER

  • control field: 31417

003 - CONTROL NUMBER IDENTIFIER

  • control field: OSt

005 - DATE AND TIME OF LATEST TRANSACTION

  • control field: 20260629114726.0

008 - FIXED-LENGTH DATA ELEMENTS

  • fixed length control field: 260629|| aca||aabn | a|a d

040 ## - CATALOGING SOURCE

  • Original cataloging agency: OSt
  • Transcribing agency: OSt

100 ## - HEADING--PERSONAL NAME

  • Personal name: M.C. Gore and Dowd John

670 ## - SOURCE DATA FOUND

  • Source citation: Work cat.: (OSt)25318: M.C. Gore and Dowd John, Taming the Time Stealers: Tricks of the Trade From Organised Teachers, 1999

Powered by Koha